The first credit market turmoil of the 21st century (Record no. 236351)
[ view plain ]
| 000 -LEADER | |
|---|---|
| fixed length control field | 01911nam a2200409 a 4500 |
| 245 14 - TITLE STATEMENT | |
| Title | The first credit market turmoil of the 21st century |
| 260 ## - PUBLICATION, DISTRIBUTION, ETC. (IMPRINT) | |
| Place of publication | Singapore ; |
| -- | Hackensack, N.J. : |
| Name of publisher | World Scientific, |
| Year of publication | c2009. |
| 300 ## - PHYSICAL DESCRIPTION | |
| Number of Pages | xi, 391 p. : |
| Other physical details | ill. |
| 490 1# - SERIES STATEMENT | |
| Series statement | World Scientific studies in international economics, |
| 500 ## - GENERAL NOTE | |
| General note | Papers from Federal Reserve Bank of Chicago's 11th Annual International Banking Conference, 25-26 September 2008. |
| 650 #0 - SUBJECT ADDED ENTRY--TOPICAL TERM | |
| Topical Term | Global Financial Crisis, 2008-2009 |
| Topical Term | Credit control |
| Topical Term | International finance |
| 700 1# - ADDED ENTRY--PERSONAL NAME | |
| Personal name | Evanoff, Douglas Darrell, |
| Personal name | Hartmann, Philipp, |
| Personal name | Kaufman, George G. |
| 856 40 - ELECTRONIC LOCATION AND ACCESS | |
| Uniform Resource Identifier | http://site.ebrary.com/lib/rucke/Doc?id=10422177 |
No items available.
